000 01005cam a2200313 a 4500
001 13525488
003 OSt
005 20150331120404.0
008 040112s2003 ug b 001 0 eng
010 _a 2003406766
020 _z9970413052
035 _a(DLC) 2003406766
040 _aDLC
_cDLC
_dDLC
042 _alcode
043 _af-ug---
050 0 0 _aKTW279
_b.B35 2003
082 0 0 _a343.676104 BAK
_222
100 1 _aBakibinga, D. J.
_9483
245 1 0 _aRevenue law in Uganda /
_cby David J. Bakibinga.
260 _aKampala :
_bProfessional Books Publishers,
_c20034.
300 _axlviii, 240 p. ;
_c21 cm.
504 _aIncludes bibliographical references and index.
650 0 _aIncome tax
_xLaw and legislation
_zUganda.
_9484
650 0 _aTax administration and procedure
_zUganda.
_9485
650 0 _aTax protests and appeals
_zUganda.
_9486
906 _a7
_bcbc
_corigode
_d3
_encip
_f20
_gy-gencatlg
942 _2ddc
_cBK
999 _c169
_d169